000 00920nam a2200301 b 4500
001 1725070
003 DO-SdBNP
005 20240815093552.0
007 1725070
008 011102s1994 mx | | ||spa
017 _a
_b
020 _a9681317955
040 _aBPMSU
_bspa
_cBPMSU
082 4 _a155.2
_bB976a 1994
_222
100 _aBuscaglia, Leo
245 1 0 _aEl arte de ser persona /
_cLeo Buscaglia ; traducción María Teresa Tallechea de Salmerón
_h
_b
250 _a9a. ed.
260 _aMéxico :
_bEditorial Diana,
_c1994
300 _a159 p. ;
_c22 cm
504 _aBibliografía : p.152-158
534 _pTítulo original :
_tPersonhood.
590 _aInventariado, 2024/VM
650 4 _aPsicología aplicada
650 4 _aRelaciones humanas
700 1 _aTellechea de Salmerón, María Teresa,
_etraductora
_3
910 _aVMateo V. Control de calidad. BPMSU
942 _2ddc
_cBK
999 _c10432
_d10432